Hình thành cây vật lý từ "vật lý cổ điển đến vật lý hiện đại"
Sự hình thành và phát triển hoàn chỉnh của vật lý học cổ đại đến thế kỉ XVII. Sự hình thành và phát triển hoàn chỉnh của vật lý học cổ điển. Vật lý hiện đại
保存先:
| 第一著者: | |
|---|---|
| その他の著者: | |
| フォーマット: | 図書 |
| 言語: | Vietnamese |
| 出版事項: |
Đại học Đà Nẵng
Trường đại học Sư Phạm
2008
|
| シリーズ: | Khóa luận tốt nghiệp đại học. Chuyên ngành: Sư phạm Lý
|
| 主題: | |
| タグ: |
タグ追加
タグなし, このレコードへの初めてのタグを付けませんか!
|
| Thư viện lưu trữ: | Mạng thư viện Đại học Đà Nẵng |
|---|
| LEADER | 01522nam a2200349 4500 | ||
|---|---|---|---|
| 001 | 000012159 | ||
| 003 | 8449 | ||
| 005 | 20120216100234.0 | ||
| 008 | 120216s2008 viesd | ||
| 041 | |a vie | ||
| 072 | |a Khóa luận tốt nghiệp | ||
| 082 | |a 530 |b PH-N | ||
| 100 | |a Phạm, Thị Bích Ngọc | ||
| 245 | |a Hình thành cây vật lý từ "vật lý cổ điển đến vật lý hiện đại" |c Phạm, Thị Bích Ngọc | ||
| 260 | |a Đại học Đà Nẵng |b Trường đại học Sư Phạm |c 2008 | ||
| 300 | |a 77 tr. |c 29 cm | ||
| 490 | |a Khóa luận tốt nghiệp đại học. Chuyên ngành: Sư phạm Lý | ||
| 500 | |a Tham khảo tr.77 | ||
| 520 | |a Sự hình thành và phát triển hoàn chỉnh của vật lý học cổ đại đến thế kỉ XVII. Sự hình thành và phát triển hoàn chỉnh của vật lý học cổ điển. Vật lý hiện đại | ||
| 653 | |a Khóa luận tốt nghiệp đại học | ||
| 653 | |a Khoa Vật lý | ||
| 700 | |a Nguyễn, Văn Đông |c Th.S |e Hướng dẫn | ||
| OWN | |a LSP | ||
| AVA | |a UDN50 |b LSP |d 530 PH-N |e available |t Error 5001 Not defined in file expand_doc_bib_avail. |f 1 |g 0 |h N |i 0 |k 1 | ||
| 999 | |a From the UDN01 | ||
| AVA | |a UDN50 |b LSP |d 530 PH-N |e available |t Error 5001 Not defined in file expand_doc_bib_avail. |f 1 |g 0 |h N |i 0 |k 1 | ||
| TYP | |a Monograph | ||
| TYP | |a Printed language | ||
| 980 | |a Mạng thư viện Đại học Đà Nẵng | ||